Competitiveness and innovation in Košice region

Význam malých a stredných podnikov pre slovenskú ekonomiku. Definícia konkurencie a inovácie. Súčasná situácia v priemysle v košickom regióne. Malé a stredné podniky a ich inovačná kapacita. Navrhované opatrenia pre inovačné aktivity v košickom regióne.

Guardado en:
Detalles Bibliográficos
Autor principal: Nižníková, Zuzana, 1986-
Otros Autores: Slivková, Adela, 1986-, Bilohuščinová, Denisa
Formato: Capítulo de libro
Lenguaje:inglés
Materias:
Etiquetas: Agregar Etiqueta
Sin Etiquetas, Sea el primero en etiquetar este registro!

MARC

LEADER 00000nla$a2200000$$$4500
001 0135331
005 20240502083328.0
041 0 |a eng 
044 |a CZ 
245 1 0 |a Competitiveness and innovation in Košice region  |c Zuzana Nižníková, Adela Slivková, Denisa Bilohuščinová 
520 |a Význam malých a stredných podnikov pre slovenskú ekonomiku. Definícia konkurencie a inovácie. Súčasná situácia v priemysle v košickom regióne. Malé a stredné podniky a ich inovačná kapacita. Navrhované opatrenia pre inovačné aktivity v košickom regióne. 
610 2 0 |a konkurencia 
610 2 0 |a inovácia 
610 2 0 |a podnik malý 
610 2 0 |a podnik stredný 
610 2 0 |a regióny 
610 2 0 |a Slovensko 
100 1 |a Nižníková, Zuzana, 1986- 
700 1 |a Slivková, Adela, 1986- 
700 1 |a Bilohuščinová, Denisa